<?xml version="1.0" encoding="UTF-8"?><?xml-stylesheet type="text/xsl" href="static/style.xsl"?><OAI-PMH xmlns="http://www.openarchives.org/OAI/2.0/" xmlns:xsi="http://www.w3.org/2001/XMLSchema-instance" xsi:schemaLocation="http://www.openarchives.org/OAI/2.0/ http://www.openarchives.org/OAI/2.0/OAI-PMH.xsd"><responseDate>2026-06-02T01:32:48Z</responseDate><request verb="GetRecord" identifier="oai:riuma.uma.es:10630/30856" metadataPrefix="marc">https://riuma.uma.es/rest/oai/request</request><GetRecord><record><header><identifier>oai:riuma.uma.es:10630/30856</identifier><datestamp>2026-02-03T10:59:16Z</datestamp><setSpec>com_10630_2254</setSpec><setSpec>col_10630_37953</setSpec></header><metadata><record xmlns="http://www.loc.gov/MARC21/slim" xmlns:dcterms="http://purl.org/dc/terms/" xmlns:doc="http://www.lyncode.com/xoai" xmlns:xsi="http://www.w3.org/2001/XMLSchema-instance" xsi:schemaLocation="http://www.loc.gov/MARC21/slim http://www.loc.gov/standards/marcxml/schema/MARC21slim.xsd">
   <leader>00925njm 22002777a 4500</leader>
   <datafield ind2=" " ind1=" " tag="042">
      <subfield code="a">dc</subfield>
   </datafield>
   <datafield ind2=" " ind1=" " tag="720">
      <subfield code="a">Caparrós-Ruiz, Antonio</subfield>
      <subfield code="e">author</subfield>
   </datafield>
   <datafield ind2=" " ind1=" " tag="260">
      <subfield code="c">2020-04-07</subfield>
   </datafield>
   <datafield ind2=" " ind1=" " tag="520">
      <subfield code="a">This article analyses the social capital’s influence on the Spanish labour market. In particular, this study examines to what extent the social capital increases the likelihood of being employed, taking into account different labour market status, and diverse dimensions of the social capital. Focusing on wage earners, it is also analysed whether network structures in Spain influence on the wage earnings. The methodology applied to analyse the labour market status is a multinomial logit model. For the analysis of wages, it is specified a wage model with sample selection bias. In both cases, social capital indicators are included as regressors. The results show that social participation exerts a positive influence on the probability of being self-employed, and lowers the likelihood of being unemployed. Moreover, it is verified that the interaction with family members or close friends influences positively on wages. Further research should emphasise how employers assess the workers’ competences associated with the social capital. The findings provide knowledge to policymakers useful to increase the role of social participation in the labour market. The importance of social network as an instrument for the job search must be enhanced. This article overcomes some drawbacks associated with the analysis of social capital from an aggregate perspective. Furthermore, social capital indicators are obtained using the Categorical Principal Components Analysis (CATPCA), which is unprecedented in the economic literature.</subfield>
   </datafield>
   <datafield ind1="8" ind2=" " tag="024">
      <subfield code="a">Caparrós Ruiz, A. (2020), "Social capital, labour market status and wages: some evidence from Spain", International Journal of Social Economics, Vol. 47, No. 4, pp. 539-560.</subfield>
   </datafield>
   <datafield ind1="8" ind2=" " tag="024">
      <subfield code="a">https://hdl.handle.net/10630/30856</subfield>
   </datafield>
   <datafield ind1="8" ind2=" " tag="024">
      <subfield code="a">10.1108/IJSE-04-2019-0253</subfield>
   </datafield>
   <datafield tag="653" ind2=" " ind1=" ">
      <subfield code="a">Mercado de trabajo - Aspectos sociales</subfield>
   </datafield>
   <datafield ind2="0" ind1="0" tag="245">
      <subfield code="a">Social Capital, Labour Market Status and Wages: Some Evidence from Spain.</subfield>
   </datafield>
</record>
</metadata></record></GetRecord></OAI-PMH>